Statistics for Metal Gear Solid 2 characters

Click here to take the quiz!

General Stats

  • This quiz has been taken 404 times
    (402 since last reset)
  • The average score is 13 of 20

Answer Stats

HintAnswer% Correct
Solid snake
98%
Raiden
97%
Revolver Ocelot
91%
Vamp
91%
Otacon
87%
Solidus Snake
87%
Fatman
85%
Colonel
81%
Rosemary
78%
Fortune
77%
Olga Gurlukovich
76%
Emma Emmerich
65%
Iroquois Pliskin
42%
Peter Stillman
41%
Sergei Gurlukovich
40%
Johnny Sasaki
29%
President Johnson
28%
Richard Ames
27%
Big Boss
22%
Scott Dolph
20%

Score Distribution

Percentile by Number Answered

Percent of People with Each Score

Your Score History

You have not taken this quiz since the last reset